| 000 | 00761nam a22002537a 4500 | ||
|---|---|---|---|
| 003 | URS | ||
| 005 | 20260326151011.0 | ||
| 008 | 260318b |||||||| |||| 00| 0 eng d | ||
| 020 | _a9789381421697 | ||
| 040 |
_aDLC _beng _cDLC _dURS _erda |
||
| 050 | 1 | 4 |
_aG155.A1 _bM4746 |
| 100 | 1 | _aMehta, Neeta | |
| 245 |
_aDynamics of tourism/ _cNeeta Mehta.- |
||
| 264 | 1 |
_aNew Delhi: _bRandom Publications, _c2012. |
|
| 300 |
_aviii, 256 pages: _billustrations; _c23 cm |
||
| 336 |
_2rdacontent _atext _btxt |
||
| 337 |
_2rdamedia _aunmediated _bn |
||
| 338 |
_2rdacarrier _avolume _bnc |
||
| 500 | _aIncludes index. | ||
| 504 | _aIncludes bibliography | ||
| 650 | 0 | _aTourism | |
| 650 | 0 | _aTourism management | |
| 942 |
_2lcc _cFR _hG155.A1 _iM4746 2012 |
||
| 999 |
_c99218 _d99215 |
||